Normal view
MARC view
- Supervison Dr. Shoab A. Khan Co-Supervisor Dr. Muazzam A. Khan
Entry Personal Name
001 - CONTROL NUMBER
- control field: 70504
003 - CONTROL NUMBER IDENTIFIER
- control field: NUST
005 - DATE AND TIME OF LATEST TRANSACTION
- control field: 20210628204504.0
008 - FIXED-LENGTH DATA ELEMENTS
- fixed length control field: 210628|| aca||aabn | a|a d
040 ## - CATALOGING SOURCE
- Original cataloging agency: NUST
- Transcribing agency: NUST
100 ## - HEADING--PERSONAL NAME
- Personal name: Supervison Dr. Shoab A. Khan Co-Supervisor Dr. Muazzam A. Khan
670 ## - SOURCE DATA FOUND
- Source citation: Work cat.: (NUST): Faisal Shahzad, 15533, TH-SOF-1198-AutoDrop: Automatic DDoS Detection and its Mitigation with combination of sFlow and OpenFlow , 2016
